Entrepreneurship and enterprise development in Asia / (Record no. 14690)
[ view plain ]
| 000 -LEADER | |
|---|---|
| fixed length control field | 01175cam a2200337 a 4500 |
| 001 - CONTROL NUMBER | |
| control field | 12478561 |
| 003 - CONTROL NUMBER IDENTIFIER | |
| control field | PILC |
| 005 - DATE AND TIME OF LATEST TRANSACTION | |
| control field | 20150112093439.0 |
| 008 - FIXED-LENGTH DATA ELEMENTS--GENERAL INFORMATION | |
| fixed length control field | 010627s2001 si a b 001 0 eng |
| 010 ## - LIBRARY OF CONGRESS CONTROL NUMBER | |
| LC control number | 2001356912 |
| 020 ## - INTERNATIONAL STANDARD BOOK NUMBER | |
| International Standard Book Number | 9814119024 |
| 035 ## - SYSTEM CONTROL NUMBER | |
| System control number | (DLC) 200135691 |
| 037 ## - SOURCE OF ACQUISITION | |
| Source of stock number/acquisition | Library of Congress -- Jakarta Overseas Office |
| Terms of availability | S[dollar]29.50 |
| 040 ## - CATALOGING SOURCE | |
| Original cataloging agency | DLC |
| Transcribing agency | DLC |
| Modifying agency | DLC |
| 042 ## - AUTHENTICATION CODE | |
| Authentication code | lcode |
| 043 ## - GEOGRAPHIC AREA CODE | |
| Geographic area code | a------ |
| 050 00 - LIBRARY OF CONGRESS CALL NUMBER | |
| Classification number | HB 615 |
| Item number | .K16 2001 |
| 082 00 - DEWEY DECIMAL CLASSIFICATION NUMBER | |
| Classification number | MnSF 658.421 |
| Item number | K14 2001 |
| 100 1# - MAIN ENTRY--PERSONAL NAME | |
| Personal name | Kao, Raymond W. Y. |
| 9 (RLIN) | 17703 |
| 245 10 - TITLE STATEMENT | |
| Title | Entrepreneurship and enterprise development in Asia / |
| Statement of responsibility, etc | Raymond W.Y. Kao and Tan Wee Liang |
| 260 ## - PUBLICATION, DISTRIBUTION, ETC. (IMPRINT) | |
| Place of publication, distribution, etc | Singapore ; |
| -- | New York : |
| Name of publisher, distributor, etc | Prentice Hall, |
| Date of publication, distribution, etc | 2001. |
| 300 ## - PHYSICAL DESCRIPTION | |
| Extent | 380 pages : |
| Other physical details | illustration ; |
| Dimensions | 23 cm. |
| 504 ## - BIBLIOGRAPHY, ETC. NOTE | |
| Bibliography, etc | Includes bibliographical references and index. |
| 650 #0 - SUBJECT ADDED ENTRY--TOPICAL TERM | |
| Topical term or geographic name as entry element | Entrepreneurship |
| Geographic subdivision | Asia. |
| 9 (RLIN) | 17704 |
| 650 #0 - SUBJECT ADDED ENTRY--TOPICAL TERM | |
| Topical term or geographic name as entry element | New business enterprises |
| Geographic subdivision | Asia. |
| 9 (RLIN) | 17705 |
| 650 #0 - SUBJECT ADDED ENTRY--TOPICAL TERM | |
| Topical term or geographic name as entry element | Business enterprises |
| Geographic subdivision | Asia. |
| 9 (RLIN) | 17706 |
| 700 1# - ADDED ENTRY--PERSONAL NAME | |
| Personal name | Tan, Wee Liang. |
| 9 (RLIN) | 17707 |
| 906 ## - LOCAL DATA ELEMENT F, LDF (RLIN) | |
| a | 7 |
| b | cbc |
| c | origode |
| d | 3 |
| e | ncip |
| f | 20 |
| g | y-gencatlg |
| 942 ## - ADDED ENTRY ELEMENTS (KOHA) | |
| Source of classification or shelving scheme | Library of Congress Classification |
| Koha item type | Books |
| Withdrawn status | Lost status | Source of classification or shelving scheme | Damaged status | Home library | Current library | Shelving location | Date acquired | Total Checkouts | Full call number | Barcode | Date last seen | Copy number | Price effective from | Koha item type |
|---|---|---|---|---|---|---|---|---|---|---|---|---|---|---|
| Library of Congress Classification | Southville International School Affiliated with Foreign Universities Library | Southville International School Affiliated with Foreign Universities Library | Southville Foreign University Section | 09/10/2013 | HB 615 .K16 2001 | SFU1037 | 05/15/2018 | 1 | 09/10/2013 | Books |